Welcome to the Holygrace Academy Library

Please use search bar below to get started

MATHEMATICS QUESTION BANK (Record no. 255)

MARC details
000 -LEADER
fixed length control field 00442nam a22001457a 4500
020 ## - INTERNATIONAL STANDARD BOOK NUMBER
ISBN 9789386339621
082 ## - DEWEY DECIMAL CLASSIFICATION NUMBER
Classification number 510
Item number OSW/M
100 ## - MAIN ENTRY--AUTHOR NAME
Personal name OSWAL BOOKS
245 ## - TITLE STATEMENT
Title MATHEMATICS QUESTION BANK
Remainder of title CLASS XII
260 ## - PUBLICATION, DISTRIBUTION, ETC. (IMPRINT)
Place of publication AGRA
Name of publisher OSWAAAL BOOKS
Year of publication 2017
300 ## - PHYSICAL DESCRIPTION
Number of Pages 240
520 ## - SUMMARY, ETC.
Summary, etc 2017 SOLVED PAPER, QUESTIONS AS PER THE LATEST QUESTION PAPER DESIGN ISSUED BY CBSE FOR MARCH 2018 EXAMINATION
650 ## - SUBJECT ADDED ENTRY--TOPICAL TERM
Topical Term SOLVED QUESTION PAPER
Geographic subdivision INDIA
942 ## - ADDED ENTRY ELEMENTS (KOHA)
Koha item type Books
Holdings
Withdrawn status Lost status Collection code Home library Current library Shelving location Date acquired Source of acquisition Cost, normal purchase price Full call number Accession Number Koha item type
    Reference Main Library Main Library SHELF-13-A XI MATHS 23/10/2017 purchase 299.00 510 OSW/M 10052 Books
    Reference Main Library Main Library SHELF-10 D PLUS 2 -MATHS 22/07/2019 purchase 499.00 510 OSW/M 11443 Books
    Reference Main Library Main Library SHELF-10 E PLUS 2 -MATHS 09/12/2022 purchase 599.00 510 OSW/M 12755 Books